Все города Мурманской области - Statistics

General Stats
  • This quiz has been taken 36 times
  • The average score is 8 of 16
Answer Stats
Answer % Correct
Мурманск
100%
Апатиты
75%
Кола
72%
Североморск
69%
Мончегорск
56%
Заполярный
56%
Кандалакша
53%
Оленегорск
53%
Полярный
50%
Кировск
41%
Гаджиево
38%
Полярные Зори
31%
Снежногорск
31%
Островной
31%
Ковдор
28%
Заозёрск
19%
No matching quizzes found
Score Distribution
Percent of People with Each Score
Percentile by Number Answered
Your Score History
You have not taken this quiz